MDQL
is popping MORE tags! Check the
thread
!
Quizzes
Events
Quiz Creation
Community
Videos
Private Events
Remove Ads
Sign In
Join for FREE
Feedback
Dark Mode
Quiz Categories
Sports
Geography
Music
Movies
Television
Just For Fun
Miscellaneous
History
Literature
Language
Science
Gaming
Entertainment
Religion
Holiday
For Kids
Quiz Lab
Recent
Popular Today
Quiz Kudos Today
Editor Picks
Curator Picks
Quizzes by...
Day
Popularity
Type
Ratings
Length
Year
Community
Subscriptions
Recent Discussions
Orange Saloon
Badges
Playlists
Quests
Create
Leaderboards
Showdown
Live 5
Trivia Bingo
Activity
Puzzle Library
Sporcle Events
Private Events
Virtual Trivia
Globe League
Become a Host
Pub Owners
SporcleCon
Opinionation
Our Games
Videos
Blog
Mobile Apps
Partnerships
Remove Ads and Go Orange
Feedback
Sports
Athletes
MLB
NBA
NHL
NFL
Soccer
Sports Teams
WWE
NCAA
Football
Premier League
Basketball
Baseball
Hockey
Golf
Tennis
Cricket
Rugby
Auto Racing
Olympics
World Cup
Sports
Athletes
MLB
NBA
NHL
NFL
Soccer
Sports Teams
WWE
NCAA
Football
Premier League
Basketball
Baseball
Hockey
Golf
Tennis
Cricket
Rugby
Auto Racing
Olympics
World Cup
Random Quiz
Search Sporcle
×
Quiz Lab
Quiz Lab
Sports
club
Type in answers that appear in a list
Type in answers that appear in a list
Classic
Best Score? Go Orange.
Played in the EPL for Fulham and..... Stats
Can you name the players who played in the EPL for Fulham and.....
By
roseman
9m
49 Questions
432 Plays
432 Plays
432 Plays
Comments
Comments
Give Quiz Kudos
Give Quiz Kudos
-
- Ratings
hide this ad
More Info
Forced Order
Answers have to be entered in order
Answers have to be entered in order
Replay
Link that replays current quiz
Next Quiz
Link to next quiz in quiz playlist
You Got
0%
They Got
Avg Score
64%
Avg Friend Score
Upgrade to see
Score Distribution
Jump to the score distribution portion of the page
Score
0/49
Timer
09:00
0
Plays Today
Other Club
Player
% Correct
Barnsley
None
100%
Blackpool
None
100%
Bournemouth
None
100%
Coventry City
None
100%
Oldham Athletic
None
100%
Sheffield United
None
100%
Swindon Town
None
100%
Wimbledon
None
100%
Brentford
None
100%
Chelsea
Bjarne Goldbaek, Jon Harley, Ian Pearce, Wayne Bridge, Alexei Smertin, Mark Schwarzer, Damien Duff, Eidur Gudjohnsen, Gael Kakuta, Steve Sidwell, Scott Parker, Andre Schurrle, Ola Aina, Ruben Loftus-Cheek, Nathaniel Chalobah, Willian
88.6%
Arsenal
Luis Boa Morte, Julian Gray, Philippe Senderos, Emmanuel Frimpong, Calum Chambers, Bernd Leno, Cedric Soares, Willian
87.5%
Manchester United
Louis Saha, Edwin van der Sar, Andrew Cole, David Healy, Erik Nevland, Chris Smalling, Jonathan Greening, Dimitar Berbatov, Kieran Richardson, Tim Fosu-Mensah, Daniel James, Andreas Pereira
87%
Liverpool
Steve Finnan, Paul Konchesky, Danny Murphy, John Arne Riise, Ryan Babel, Lazar Markovic, Harvey Elliott, Fabio Carvalho
82.6%
Aston Villa
Zat Knight, Wayne Routledge, Steven Davis, Aaron Hughes, Nicky Shorey, Philippe Senderos, Steve Sidwell, Darren Bent, Kieran Richardson, Calum Chambers
81.9%
Newcastle United
Lee Clark, Alain Goma, Louis Saha, Andrew Cole, Wayne Routledge, Aaron Hughes, Shefki Kuqi, Damien Duff, Scott Parker, Aleksandar Mitrovic, Dan Burn, Kevin Mbabu
81.9%
Tottenham Hotspur
Sean Davis, Steed Malbranque, Louis Saha, Michael Brown, Simon Davies, Clint Dempsey, Wayne Routledge, Kasey Keller, Paul Konchesky, Danny Murphy, Paul Stalteri, Bobby Zamora, Stephen Kelly, Mousa Dembele, Darren Bent, Lewis Holtby, Adel Taarabt, Dimitar Berbatov, Scott Parker, Ryan Sessegnon, Josh Onomah, Carlos Vinicius, Eidur Gudjohnsen
81.2%
Everton
John Collins, Louis Saha, Brian McBride, Mark Pembridge, Tomasz Radzinski, Simon Davies, Olivier Dacourt, Andrew Johnson, Philippe Senderos, Johnny Heitinga, Maarten Stekelenburg, Ademola Lookman, Shane Duffy
79.8%
West Ham United
Luis Boa Morte, Rufus Brevett, Ian Pearce, Wayne Bridge, Paul Konchesky, John Pantsil, Bobby Zamora, Mladen Petric, Scott Parker, Havard Nordtveit, Alphonse Areola, Issa Diop
77%
Charlton Athletic
Claus Jensen, Alexei Smertin, Paul Konchesky, Danny Murphy, Darren Bent, Scott Parker
76.6%
Cardiff City
Bobby Decordova-Reid
76.3%
Norwich City
Pat Roberts
71.7%
Sunderland
Steed Malbranque, Andy Melville, Louis Saha, Wayne Bridge, Andrew Cole, David Healy, Dickson Etuhu, Darren Bent, Kieran Richardson
71.7%
Crystal Palace
Wayne Routledge, Brede Hangeland, Andrew Johnson, Kagisho Dikgacoi, Tim Fosu-Mensah, Ruben Loftus-Cheek, Joachim Andersen
70.5%
Blackburn Rovers
Ian Pearce, Andrew Cole, Billy McKinlay, Shefki Kuqi, Damien Duff
69.6%
Southampton
Luis Boa Morte, Maik Taylor, Wayne Bridge, Antti Niemi, Chris Baird, Steven Davis, Kasey Keller, Maarten Stekelenburg, Calum Chambers, Mario Lemina, Harrison Reed, Cedric Soares
68.9%
Other Club
Player
% Correct
Bolton Wanderers
Sean Davis, Zat Knight, Martin Djetou, Darren Pratley, Heidar Helguson, Andranik Teymourian, Gael Kakuta, Tim Ream
65.9%
Manchester City
Kit Symons, Wayne Bridge, Michael Brown, Niclas Jensen, Andrew Cole, Pat Roberts
65.4%
Middlesbrough
Mark Crossley, Franck Queudrue, Mark Schwarzer, Jonathan Greening, Calum Chambers
65.4%
Portsmouth
Sean Davis, Steve Finnan, Michael Brown, Andrew Cole, Papa Bouba Diop, Wayne Routledge, Alexei Smertin, Diomansy Kamara, Dejan Stefanovic
65%
Reading
Liam Rosenior, Seol Ki-Hyeon, Stephen Kelly, Nicky Shorey, Steve Sidwell, Pavel Pogrebnyak
64.5%
QPR
Rufus Brevett, Heidar Helguson, Andrew Johnson, Bobby Zamora, Adel Taarabt
63.6%
Burnley
Kevin McDonald, Nathaniel Chalobah
61.7%
West Bromwich Albion
Junichi Inamoto, Chris Baird, Diomansy Kamara, Zoltan Gera, Jonathan Greening, Nicky Shorey, Kieran Richardson
61.5%
Huddersfield Town
Terence Kongolo
60.5%
Hull City
Liam Rosenior, Jimmy Bullard, Tom Cairney, Lazar Markovic
54.1%
Leicester City
Billy McKinlay, Kasey Keller, Paul Konchesky, Mark Schwarzer, Ademola Lookman
54.1%
Birmingham City
Maik Taylor, Franck Queudrue, Julian Gray, Stephen Kelly
52.2%
Wigan Athletic
Michael Brown, Jimmy Bullard, Hugo Rodallega
47.6%
Swansea City
Wayne Routledge, Alfie Mawson
45%
Brighton and Hove Albion
Liam Rosenior, Dan Burn, Shane Duffy
43.9%
Ipswich Town
Darren Bent
35.5%
Leeds United
Olivier Dacourt, Daniel James
33.4%
Stoke City
Stephen Kelly, Eidur Gudjohnsen, Steve Sidwell
32.7%
Watford
Heidar Helguson, Hameur Bouazza, Stefano Okaka, Nathaniel Chalobah
32.3%
Nottingham Forest
Mark Crossley
25.1%
Sheffield Wednesday
Mark Pembridge, Dejan Stefanovic
19.3%
Wolverhampton Wanderers
Emmanuel Frimpong, Ivan Cavaleiro, Mario Lemina
18.8%
Derby County
Eddie Lewis, Dean Leacock
17.2%
Bradford City
Billy McKinlay
11.6%
Quiz Playlist
Details
Report
Send in Message
Add To Playlist
More Info:
Data correct up until the end of the 22-23 season
Classic:
Type in answers that appear in a list
Forced Order:
Answers have to be entered in order
Last Updated: Jun 24, 2023
Quiz Scoreboard
CHALLENGE
Sign Up to Join the Scoreboard
Show All
Scores
Hide
Comments
May contain spoilers
Recently Published
1-10 Letter E Words III
by El_Dandy
Language
2m
Street Fighter Characters
by Artimus82
Gaming
60s
College Basketball Coaching Resumes
by pancakes188
Sports
9m
More to Explore
Quiz From the Vault
Featured Blog Post
Where Did the Easter Bunny Come From?
hide this ad
You Might Also Like...
Tags
club
Fulham
Player
Today's Top Quizzes in Sports
Browse Sports
hide this ad
Today's Top Quizzes in club
Browse club
Top Contributed Quizzes in Sports
1
2022 World Cup Stars
2
Les meilleurs buteurs des matchs entre le PSG et l’OM
3
FIFA Club World Cup Champions
4
Les entraîneurs de l'OM et du PSG au 21e siècle
5
Criteria MLB: Left Handed Sluggers
6
2023 MLB Unique Player Accomplishments
7
AFC Teams Reveal (Wrong Answers Minefield)
8
Players with Multiple 50 Home Run Seasons
9
5-to-1: FBS Animal Nicknames
10
5-to-1: UK Sports Teams
Explore More
Trending Topics
Crossword
Kpop
Anime
Disney
Marvel
NBA
Harry Potter
Soccer
The Office
Song
WWE
NFL
Pokémon
Country
Puzzle
hide this ad
More By:
roseman
Quiz
Plays
Rating
Category
Featured
Created
Played in the EPL for Arsenal and.....
6,488
4.50
Sports
Dec 19, 2016
Chelsea Premier League Goal Scorers
3,889
4.25
Sports
Mar 1, 2010
Every Premier League Footballer - A Quiz
2,256
5.00
Sports
Mar 27, 2016
Every Premier League Footballer - G Quiz
1,982
4.78
Sports
Apr 25, 2013
Every Premier League Footballer - H Quiz
1,831
5.00
Sports
Aug 14, 2013
Go to Creator's Profile
Score Distribution
Quiz Creator Spotlight
roseman
Follow
Send a Message
Quizzes Created
-
Created Quiz Play Count
-
More By This Creator
Popular Quizzes Today
1
Find the US States - No Outlines Minefield
2
Find the Countries of Europe - No Outlines Minefield
3
The Countries of the World
4
Find the US States
5
Risky Map Clicking: Biggest States A-Z
6
US States
7
Popular People in 1961
8
Movies - When Are They Set?
More Sports Quizzes
Quick Pick : Gaylord Perry Teams by Logo
Quiz Lab
Trending Quizzes
Risky Map Clicking: Least Populous States A-Z
Billboard Blitz: Aretha Franklin
1-10 Letter G Words
Countries of the World: 200 Million BC
1-10 Letter F Words
Recently Updated
Leaping Animals
pecheneg
Reality TV Shows (A-Z)
bhenderson79
Rickey Henderson's Hall of Fame Teammates
pecheneg
Champions League XIs: Arsenal
pecheneg
Quick Pick: Celebrities in WWE's Hall of Fame
aduchscher
A-Z Keypad Blitz II
pecheneg
Multiple Oscar Actors
pecheneg
Mystery Phrase Blitz: Oscar 'Best Actors'
pecheneg
F. Scott Fitzgerald Novels
LTH
Pick 3 Villains
ddd62291
Trending Topics
NBA
Kpop
Disney
Anime
Marvel
Crossword
Harry Potter
Soccer
NFL
Pokémon
Puzzle
WWE
Country
Song
The Office
Your Account Isn't Verified!
In order to create a playlist on Sporcle, you need to verify the email address you used during registration. Go to your
Sporcle Settings
to finish the process.
Report this User
Report this user for behavior that violates our
Community Guidelines
.
Details:
Send Report
Go to the Sporcle.com Mobile Site →
Comments